แสดงรายละเอียดบรรณานุกรม
  กลับหน้าหลัก

Brief Record : Get Marc (ISO 2709) : E-mail record : QR code ปิดหน้าต่าง
E-books : เกี่ยวกับ Collections
LEADER 00000nama 2200000uu 4500
001    194706
003     ULIBM
008    040531s|||| th m m a000 0 tha d
020    974-9565-53-36
041    tha
050    WM 15 ศ111 2548
100    วรุณวรรณ ผาโครต,สิรนาถ นุชนาถและสุธิกาญจน์ ไชยลาภ.
245    ศัพท์ : สุขภาพจิตและเวชปฏิบัติทางจิตเวชศาสตร์ =Vocabulary in Mental Health and Psychiatric Medical Practice.
260    เค.เอส.พี.การพิมพ์. กรุงเทพฯ. 2548.
300    496 หน้า.
650    จิตเวชศาสตร์--คำศัพท์.
995    002
รายการนี้ยังไม่มีแท็ก
คุณยังไม่ได้ล็อกอิน คุณสามารถมีกิจกรรมร่วมกับเว็บไซต์ได้ แต่ต้องล็อกอินก่อน ::
  ล็อกอิน
ลำดับที่ ประเภท เลขเรียก สถานที่ สถานะ
1. หนังสือทั่วไป
หนังสือทั่วไป
สถานะ=หนังสือเก่า - บริการ ณ ห้องสมุด (ห้องเหลือง)
WM 15 ศ111 2548  
  
ห้องสมุด หอพักนักศึกษา (ห้องเหลือง) On Shelf
  ขอยืม
   [แสดง 1/1 รายการ]

BibComment


ยังไม่เคยถูกคอมเมนท์

คอมเมนท์ทรัพยากรรายการนี้
  คอมเมนท์: ศัพท์ สุขภาพจิตแ..
Bib 194706

 
 
 

 Union Library Management : ULibM
Copyright 2026. All Rights Reserved.
скачать бесплатно без регистрации порно красивый секс HD Sex Hindi sex

xxx gou

xxxx

bfxxx

xxxwww

Секса Видео

xxxx

Секса Видео

detube

geilexxx

C99 Shell

worms shell

blod xxx video
Ebony Coed Rihanna Rimes Takes A Dick In Her Young Twat priyaa indian fuck anal and pusssy hardcore indian women xxx desi hardcore fucking part 1 bengalixxxcouple